000
00220nam a2200097Ia 4500
005
20251222120856.0
008
251222s1900||||xx |||||||||||||| ||spa||
082
_a
DVD0120/L83/1967
245
0
_a
Camelot:Camelot
942
_c
DVD
999
_c
2397
_d
2397